[Event "IECC O email"]
[Site "IECC email"]
[Date "2001.04.14"]
[Round "?"]
[White "El Amiri, Mourad"]
[Black "Jobe, Tom B"]
[Result "1-0"]
[WhiteElo "1217"]
[BlackElo "1838"]
[PlyCount "51"]
[EventDate "2001.??.??"]
[EventType "tourn (corr)"]
[EventRounds "6"]
[SourceTitle "Corr 2008"]
[Source "ChessBase"]
[SourceDate "2008.06.24"]
[SourceVersion "1"]
[SourceVersionDate "2008.06.24"]
[SourceQuality "1"]

1. d4 Nf6 2. Bf4 e6 3. e3 c5 4. Nc3 a6 5. Nf3 d5 6. Be2 Nc6 7. 0-0 b6 8. Ne5 Bb7 9. a4 cxd4 10. exd4 Be7 11. Nxc6 Bxc6 12. Qd3 0-0 13. Qg3 Nd7 14. Bc7 Qe8 15. Rfe1 Qc8 16. Bf4 Re8 17. Bd3 g6 18. a5 b5 19. Na2 Bf8 20. c3 Bg7 21. Nb4 Nf6 22. Qf3 Qd7 23. Be5 Nh5 24. Bxg7 Kxg7 25. g4 Nf6 26. Qf4 1-0

[Event "IECC M email"]
[Site "IECC email"]
[Date "1999.09.27"]
[Round "?"]
[White "Badenhorst, Jack D"]
[Black "El Amiri, Mourad"]
[Result "0-1"]
[WhiteElo "1123"]
[BlackElo "1155"]
[PlyCount "28"]
[EventDate "1999.??.??"]
[EventType "tourn (corr)"]
[EventRounds "6"]
[SourceTitle "Corr 2008"]
[Source "ChessBase"]
[SourceDate "2008.06.24"]
[SourceVersion "1"]
[SourceVersionDate "2008.06.24"]
[SourceQuality "1"]

1. e4 c5 2. f4 e6 3. Nf3 d5 4. e5 Nc6 5. d4 cxd4 6. Nxd4 Bd7 7. Be3 Qb6 8. g3 Bc5 9. c3 Nge7 10. Qd2 Bxd4 11. Bxd4 Nxd4 12. Qxd4 Qxb2 13. Bd3 Qc1+ 14. Ke2 Qxh1 0-1

[Event "IECC M email"]
[Site "IECC email"]
[Date "1999.09.27"]
[Round "?"]
[White "El Amiri, Mourad"]
[Black "Kunysch, Paul"]
[Result "1/2-1/2"]
[WhiteElo "1160"]
[BlackElo "1026"]
[PlyCount "73"]
[EventDate "1999.??.??"]
[EventType "tourn (corr)"]
[EventRounds "6"]
[SourceTitle "Corr 2008"]
[Source "ChessBase"]
[SourceDate "2008.06.24"]
[SourceVersion "1"]
[SourceVersionDate "2008.06.24"]
[SourceQuality "1"]

1. e4 c5 2. Nf3 Nc6 3. d4 cxd4 4. Nxd4 d6 5. Nc3 Nf6 6. Be2 a6 7. Nxc6 bxc6 8. Qd4 e5 9. Qa4 Bd7 10. Bg5 c5 11. Qc4 h6 12. Bxf6 Qxf6 13. Nd5 Qd8 14. 0-0 Be7 15. Qc3 Bb5 16. Bxb5+ axb5 17. f4 b4 18. Qc4 0-0 19. Rad1 Bf6 20. f5 Qa5 21. Nxf6+ gxf6 22. Rxd6 Qxa2 23. Qxc5 Qxb2 24. Rxf6 Rac8 25. Rc6 Qd4+ 26. Qxd4 exd4 27. Rxh6 Rxc2 28. Rd6 b3 29. Rxd4 b2 30. Rdd1 Rfc8 31. Rb1 Kg7 32. e5 Re2 33. h4 Rcc2 34. Kh2 Rxg2+ 35. Kh3 Rge2 36. Rg1+ Kh6 37. e6 1/2-1/2